000 00762cam a2200253 a 4500
001 170
003 BR-CuiBMT
005 20231129041009.0
008 230823s2022 mgb 000 0 por d
020 _a9786555183276
040 _aBR-CuiBMT
_cBR-CuiBMT
080 _22007
_a342.7
090 _a342.7
_bO48p
100 1 _aOliveira, Fábio Cesar dos Santos
245 1 2 _aA proteção da pessoa contra si mesma? :
_bliberdade, autonomia e paternalismo /
_cFábio Cesar dos Santos Oliveira.
260 _aBelo Horizonte :
_bFórum,
_c2022.
300 _a286 p. ;
_c22 cm
504 _aInclui bibliografia.
650 _aDireito constitucional
650 _aDireito público
650 _aFilosofia do direito
650 _aCiências sociais
942 _2udc
_cLV
999 _c170
_d170